000 00399nam a22001697a 4500
005 20180728151957.0
008 160622b xxu||||| |||| 00| 0 eng d
020 _a81-86314-12-1
041 _aeng
082 _b8871
_a658.3
100 _aGhanekar, Dr Mrs Anjali
_92300
245 _aOrganisational behaviour
260 _bEPH
_c1998
300 _a381p,
650 _aManagement
_9241
942 _cBK
999 _c3469
_d3468